Online
Catalog

El jibaro de Puerto Rico: símbolo y figura / (Record no. 7297)

MARC details
000 -CABECERA
campo de control de longitud fija 00842cam a2200229 a 4500
001 - NÚMERO DE CONTROL
campo de control 000007516
005 - FECHA Y HORA DE LA ÚLTIMA TRANSACCIÓN
campo de control 20200929154209.0
008 - DATOS DE LONGITUD FIJA--INFORMACIÓN GENERAL
campo de control de longitud fija 720406s1968 ctu 000 0 spa
040 ## - FUENTE DE LA CATALOGACIÓN
Centro catalogador/agencia de origen DO-SdBNP
Lengua de catalogación spa
Centro/agencia transcriptor BNPHU
082 ## - NÚMERO DE LA CLASIFICACIÓN DECIMAL DEWEY
Número de clasificación PR864.44
Número de documento/Ítem L181j
245 13 - MENCIÓN DE TÍTULO
Título El jibaro de Puerto Rico: símbolo y figura /
Mención de responsabilidad, etc. Enrique A. Laguerre y Esther M. Melón.
260 ## - PUBLICACIÓN, DISTRIBUCIÓN, ETC.
Lugar de publicación, distribución, etc. Sharon, Conn. :
Nombre del editor, distribuidor, etc. Troutman,
Fecha de publicación, distribución, etc. 1968.
300 ## - DESCRIPCIÓN FÍSICA
Extensión xviii, 249 p. ;
Dimensiones 23 cm.
490 1# - MENCIÓN DE SERIE
Mención de serie Puerto Rico: realidad y anhelo,
Designación de volumen o secuencia 7
505 1# - NOTA DE CONTENIDO CON FORMATO
Nota de contenido con formato Ensayo -- Poesía -- Narraciones -- Teatro.
650 #4 - PUNTO DE ACCESO ADICIONAL DE MATERIA--TÉRMINO DE MATERIA
Término de materia o nombre geográfico como elemento de entrada Ensayos puertorriqueños.
9 (RLIN) 8892
650 #4 - PUNTO DE ACCESO ADICIONAL DE MATERIA--TÉRMINO DE MATERIA
Término de materia o nombre geográfico como elemento de entrada Literatura puertorriqueña
9 (RLIN) 250
700 1# - PUNTO DE ACCESO ADICIONAL--NOMBRE DE PERSONA
Nombre de persona Laguerre, Enrique A.,
Término indicativo de función/relación comp.
9 (RLIN) 20867
700 1# - PUNTO DE ACCESO ADICIONAL--NOMBRE DE PERSONA
Nombre de persona Laguerre, Enrique A.
Término indicativo de función/relación comp.
9 (RLIN) 20868
700 1# - PUNTO DE ACCESO ADICIONAL--NOMBRE DE PERSONA
Nombre de persona Melón, Esther M.,
Fechas asociadas al nombre 1938-
Término indicativo de función/relación comp.
9 (RLIN) 20869
830 #0 - PUNTO DE ACCESO ADICIONAL DE SERIE-TÍTULO UNIFORME
Título uniforme Puerto Rico: realidad y anhelo,
Designación de volumen o secuencia 7
9 (RLIN) 4001
Holdings
Estado de retiro Estado de pérdida Restricciones de uso No para préstamo Código de colección Localización permanente Ubicación/localización actual Ubicación en estantería Fecha de adquisición Número de inventario Total de préstamos Signatura topográfica completa Código de barras Fecha visto por última vez Precio válido a partir de Tipo de ítem Koha
    Préstamo interno   Monografías: Libros y Folletos General General En catalogación 08.09.2009 LF1   PR864.44 L181j 7516-10 25.06.2020 25.06.2020 Préstamo interno

Powered by Koha